| 000 | 00879cab a2200265 4500 | ||
|---|---|---|---|
| 001 | WB2819-04 | ||
| 008 | 090401t1992 xxu||||| |||| 00| 0 eng d | ||
| 035 | _a(Sirsi) u7009 | ||
| 041 | _aeng | ||
| 245 | _aGrant plan for home insulation | ||
| 260 | _c1992 | ||
| 350 | _a0 | ||
| 490 |
_aDaily Telegraph _v12 May 1992, 7(1) |
||
| 520 | _aGrants to insulate homes are to be announced in a pilot scheme involving electricity companies and British Gas. An Energy Saving Trust is to be set up to administer the scheme. | ||
| 650 | _aENERGY EFFICIENCY | ||
| 650 | _aENERGY SAVINGS TRUST | ||
| 650 | _aGOVERNMENT POLICY | ||
| 650 | _aGRANTS | ||
| 650 |
_aRESIDENTIAL PROPERTY _96266 |
||
| 650 | _aTHERMAL INSULATION | ||
| 690 | _aBUILDING AND CONSTRUCTION-ENERGY CONSERVATION | ||
| 690 | _aENVIRONMENTAL AND LAND CONSULTANCY-ENERGY | ||
| 942 | _n0 | ||
| 948 | _c04/03/1997 | ||
| 999 |
_c4174 _d4174 |
||